تحميل...
Hand book of business mathematics
| المؤلف الرئيسي: | |
|---|---|
| التنسيق: | Printed Book |
| اللغة: | English |
| منشور في: |
New Jersey
D.Van Nastrand Co.
1959
|
| الموضوعات: |
| LEADER | 00533nam a22001577a 4500 | ||
|---|---|---|---|
| 005 | 20151215125027.0 | ||
| 008 | 091016t xxu||||| |||| 00| 0 eng d | ||
| 082 | |a 658.403 3 |b MIN | ||
| 100 | |a Minrath, William R. |9 10535 | ||
| 245 | |a Hand book of business mathematics | ||
| 300 | |a xii, 658p. | ||
| 653 | |a Operations research | ||
| 942 | |c BK |6 _ | ||
| 260 | |c 1959 |a New Jersey |b D.Van Nastrand Co. | ||
| 999 | |c 96129 |d 96129 | ||
| 952 | |0 0 |1 0 |2 ddc |4 0 |6 658403_3MIN |7 0 |9 121232 |a SMS |b SMS |c GEN |d 2009-10-16 |o 658.403 3 MIN |p SMS000711 |r 2009-10-16 |w 2009-10-16 |y BK | ||